| 000 | 00561nam a2200169 a 4500 | ||
|---|---|---|---|
| 001 | 000030038 | ||
| 005 | 20200930060007.0 | ||
| 008 | 110428s1989 dr a 000 0 spa d | ||
| 040 |
_aDO-SdBNP _bspa _cBNPHU |
||
| 082 |
_axxx _bR627b |
||
| 245 | 0 | 1 | _aLos rizos y el beisbol. |
| 260 |
_aSanto Domingo : _bCentro de Investigación para la Acción Femenina (CIPAF), _c1989. _fEditora Taller |
||
| 300 |
_a24 p. : _bil. ; _c28 cm. |
||
| 490 | 1 |
_aCuadernos de educación No sexista _vno. 6 |
|
| 830 | 0 |
_aCuadernos de educación No sexista _vno. 6 _956751 |
|
| 049 | _aBNPD | ||
| 999 |
_c29530 _d29530 |
||